00621nam a22001932 4500001001100000005001700011008004100028020002600069040001500095100003200110245004500142260004900187300001500236650002600251908001100277950000600288999001500294952011800309000000953820151217152057.0081109s xx 000 0 eng d a0884197720 :cKES 720 aKABUcKABU1 aShibley, David.@000016116914aThe Missions addiction /cDavid Shibley. aLake Mary, Florida :bCharisma House,c2001. ax, 251 p. 0aMissions.@0000149612 a081109 @1 c7959d7959 00102lcc70aKABUbKABUd2015-12-17l1oBV2061 .S55 c. 1p15203r2024-08-02 00:00:00s2022-09-09w2015-12-17yBK